Movies Quiz

Random Movies or Actress Quiz

Cecil B. DeMille Awards Quiz Stats

 Plays Quiz Updated Mar 9, 2020

     
Support Sporcle.
Go Orange.
Score 0/68 Timer 10:00
0 Plays Today
Year Winner % Correct
2017Meryl Streep
84.6%
2009Steven Spielberg
80.8%
2020Tom Hanks
75.6%
1990Audrey Hepburn
68.4%
2021Jane Fonda
67.8%
2016Denzel Washington
67%
1988Clint Eastwood
65.7%
2001Al Pacino
63.3%
1953Walt Disney
63.2%
2014Woody Allen
61%
1999Jack Nicholson
57%
2015George Clooney
55.8%
2012Morgan Freeman
55.1%
1984Paul Newman
54.7%
2002Harrison Ford
54.7%
1961Fred Astaire
53.1%
1965James Stewart
53.1%
1981Gene Kelly
52.6%
1971Frank Sinatra
52.6%
2013Jodie Foster
52.4%
1997Dustin Hoffman
51.9%
1994Robert Redford
51.6%
2018Oprah Winfrey
51.2%
1974Bette Davis
50.9%
1980Henry Fonda
50.3%
2019Jeff Bridges
50%
1972Alfred Hitchcock
49.2%
1952Cecil B. DeMille
46.6%
1968Kirk Douglas
43.8%
2004Michael Douglas
43.7%
1966John Wayne
43.7%
2000Barbra Streisand
42.2%
1985Elizabeth Taylor
41.6%
1963Bob Hope
41.6%
Year Winner % Correct
1991Jack Lemmon
41.3%
2005Robin Williams
40.2%
2007Warren Beatty
40%
1962Judy Garland
39.3%
1982Sidney Poitier
39.2%
1969Gregory Peck
36.5%
1956Jack L. Warner
36.1%
1983Laurence Olivier
35.5%
1960Bing Crosby
35.1%
2003Gene Hackman
33.7%
1967Charlton Heston
32.9%
1970Joan Crawford
31.3%
1973Samuel Goldwyn
31.1%
1996Sean Connery
29.5%
2006Sir Anthony Hopkins
28.7%
1998Shirley MacLaine
28.2%
1993Lauren Bacall
27.1%
1989Doris Day
26.2%
1979Lucille Ball
21.7%
1995Sophia Loren
20.5%
2010Martin Scorsese
20.3%
1986Barbara Stanwyck
19.6%
1954Darryl F. Zanuck
16.2%
1992Robert Mitchum
15.1%
2011Robert De Niro
13.3%
1978Red Skelton
13.2%
1987Anthony Quinn
12.2%
1959Maurice Chevalier
10.2%
1955Jean Hersholt
9.1%
1957Mervyn LeRoy
9.1%
1975Hal B. Wallis
8.9%
1958Buddy Adler
8.9%
1977Walter Mirisch
8.1%
1964Joseph E. Levine
8.1%

From the Vault

Harry Potter: Find the 'British' Word

by Alcas

Those sneaky Brits keep putting extra u's in everything.
Remove Ads.
Support Sporcle.
Get the best of Sporcle when you Go Orange. This ad-free experience offers more features, more stats, and more fun while also helping to support Sporcle. Thank you for becoming a member.

Show Comments

Extras

Top Quizzes Today


Score Distribution

Your Account Isn't Verified!

In order to create a playlist on Sporcle, you need to verify the email address you used during registration. Go to your Sporcle Settings to finish the process.

Report this User

Report this user for behavior that violates our Community Guidelines.

Details: